| 000 | 00403cam a2200169ua 4500 | ||
|---|---|---|---|
| 020 | _c975.00 | ||
| 041 |
_aeng _h |
||
| 082 |
_a530 _bSIN/EX |
||
| 100 | _aSingh, Seema . | ||
| 245 |
_aExperiments in physics / _cSeema Singh. _hTextual Documents |
||
| 260 |
_aNew Delhi : _bCampus books , _c2009. |
||
| 300 | _a ; . | ||
| 365 | _a975.00 | ||
| 504 | _a | ||
| 942 | _cBK | ||
| 999 |
_c13483 _d13483 |
||